Ładuje się......
Nehru`s idea of History
| 1. autor: | |
|---|---|
| Format: | Printed Book |
| Wydane: |
New Delhi:
Light and life publishers.
|
| Hasła przedmiotowe: |
| LEADER | 00426nam a22001214a 4500 | ||
|---|---|---|---|
| 082 | |a 954.042 | ||
| 100 | |a Ravindran T K, | ||
| 260 | |a New Delhi: |b Light and life publishers. | ||
| 650 | |a Nehru`s idea of History | ||
| 245 | |a Nehru`s idea of History |c by T K Ravindran | ||
| 942 | |c BK | ||
| 999 | |c 245999 |d 245999 | ||
| 952 | |0 0 |1 0 |4 0 |6 954_042000000000000_RAV |7 0 |8 G |9 261352 |a HIS |b HIS |d 2020-01-04 |l 0 |o 954.042 RAV |p HIS8897 |r 2020-01-04 |t 1 |w 2020-01-04 |y BK | ||